Countries Of The Khmer Empire - Statistics

General Stats
  • This quiz has been taken 96 times
  • The average score is 5 of 5
Answer Stats
Country % Correct
Laos
99%
Thailand
99%
Vietnam
99%
Cambodia
96%
Myanmar
95%
No matching quizzes found
Score Distribution
Percent of People with Each Score
Percentile by Number Answered
Your Score History
You have not taken this quiz